|
|
|
|
| LEADER |
00000nam0a2200000 4500 |
| 001 |
142013 |
| 005 |
20231031142617.0 |
| 035 |
|
|
|a (RuTPU)RU\TPU\book\153912
|
| 090 |
|
|
|a 142013
|
| 100 |
|
|
|a 20080829d1967 km y0rusy50 ca
|
| 101 |
0 |
|
|a rus
|
| 102 |
|
|
|a RU
|
| 105 |
|
|
|a a z 001zy
|
| 200 |
1 |
|
|a Измерение интервалов времени в экспериментальной физике
|f Е. И. Рехин, А. А. Курашов, П. С. Чернов
|
| 210 |
|
|
|a Москва
|c Атомиздат
|d 1967
|
| 215 |
|
|
|a 382 с.
|c ил.
|
| 320 |
|
|
|a Библиография в конце глав.
|
| 610 |
1 |
|
|a измерение
|
| 610 |
1 |
|
|a интервалы
|
| 610 |
1 |
|
|a интервалы времени
|
| 610 |
1 |
|
|a экспериментальная физика
|
| 610 |
1 |
|
|a методы
|
| 675 |
|
|
|a 531.7
|v 3
|
| 700 |
|
1 |
|a Рехин
|b Е. И.
|g Евгений Иванович
|
| 701 |
|
1 |
|a Курашов
|b А. А.
|g Анатолий Александрович
|
| 701 |
|
1 |
|a Чернов
|b П. С.
|g Павел Сергеевич
|
| 801 |
|
1 |
|a RU
|b 63413507
|c 20080829
|g PSBO
|
| 801 |
|
2 |
|a RU
|b 63413507
|c 20140721
|g PSBO
|
| 942 |
|
|
|c BK
|